000 01071nam a2200229Ia 4500
003 Ost
005 20260507075540.0
008 260507s9999||||xx |||||||||||||| ||und||
020 _a9774087356
040 _cfsecg
041 _aara
082 _a382.9
100 _aبيزور، توم
_eمؤلف
245 0 _aالخبايا الخفية للمفاوضات الذكية /
_c توم بيزور
260 _aالقاهرة:
_bدار الفاروق للاستثمارات الثقافية,
_c2007
300 _a176 صفحة؛
_bإيضاحات ؛
_c24 سم
490 _aسلسلة مهارات الإدارة للمحترفين
520 _aيضم أفكار وإرشادات عملية حول فن التفاوض، التخطيط والإعداد لعملية التفاوض، فلسفة التفاوض، أمثلة عملية وتجارب مفيدة حول فن التفاوض، فن التفاوض من خلال المنظور العالمي
653 _aالمفاوضات
700 _aالعامري، خالد
_eمؤلف ثانوي
942 _cكتاب
999 _c44860
_d44860